Responses for Show #1475 - Friday, January 18, 1991

Lois Kurowski game 5.
Game entered from audiorecording. Missing prizes.

Contestants

[<< previous game]

Bill Dukes, a personnel manager from Claremont, California

Susan Cobb, a Spanish teacher originally from Lubbock, Texas

Lois Kurowski, a doctoral student from Elkhart, Indiana (whose 4-day cash winnings total $57,500)

[next game >>]

Jeopardy! Round responses

SHAKESPEAREAN CHARACTERS
GOVERNMENT & POLITICS
TOM CRUISE
MAGAZINES
SYMBOLIC ANIMALS
BARRELS
    $100 16
Hamlet

Bill
    $100 17
the Library of Congress

Susan
    $100 22
dyslexia

Bill
    $100 6
soap operas

Bill
    $100 11
the bulls

Susan
    $100 1
a beer barrel

Susan
    $200 27
The Tempest

Susan
    $200 18
a filibuster

Lois
    $200 23
Mimi Rogers

Lois
    $200 7
Moscow

Susan
    $200 12
the goat

Bill
    $200 2
a rodeo

Susan
    $800 28
(Susan: What are [*]...)
(Alex: Right.)
(Susan: ...and Cleopatra?)
(Alex: Oh, gosh. You're three-quarters of the way there, but I can't.)
(Susan: [**]. What are [**]?)
(Alex: Yeah. Unfortunately, it didn't work out. Darn.)

Julius Caesar & Antony and Cleopatra

Susan
    $300 19
the Department of Justice

Bill
    $300 24
Ray-Bans

Bill
    $300 8
(Susan: What is astronomy?)

astrology

LoisSusan
    $300 13
a dove

Susan
    $300 3
a cracker barrel

Bill
    $400 29
Mercutio

Lois
    $400 20
(Everett) Koop

Bill
    $400 25
The Outsiders

Bill
    $400 9
National Lampoon

Lois
    $400 14
the golden calf

Susan
    $400 4
stave

Bill
    $500 30
(Susan: Who is Anne Boleyn?)

Elizabeth (I)

SusanBill
    $500 21
(Bill: Who is the Speaker of the House?)
(Susan: Who is the president of the Senate?)
(Lois: Who is the vice president?)
...
(Alex: At the impeachment trial itself, the [*] presides.)

the chief justice of the United States

LoisSusanBill
Triple Stumper
    $500 26
Paul Newman

Lois
    $500 10
(Bill: What is Publisher's Clearing House?)
(Susan: What is Reader's Digest?)

American Family Publishers

SusanBill
Triple Stumper
    $500 15
the dragon

Susan
    $500 5
(Alex: [*] on ice skates.)

barrel jumping

Lois

Scores at the first commercial break (after clue 15):

Lois Susan Bill
$1,200 $1,000 $500

Scores at the end of the Jeopardy! Round:

Lois Susan Bill
$2,000 -$500 $2,100

Double Jeopardy! Round responses

NOVELS
BOTANY
IRELAND
CLASSICAL MUSIC
19th CENTURY AMERICANS
GLASS
    $200 2
Mutiny on the Bounty

Bill
    $200 17
(Lois: What are flowers?)
[Originally ruled incorrect; reversed before Final Jeopardy!]

pine cones

LoisSusan
    $200 26
the shamrock

Lois
    $200 12
Juilliard

Bill
    $200 7
Webster

Bill
    $200 1
lightning

Bill
    $400 3
quixotic

Bill
    $400 18
a nut

Bill
    $400 27
Guinness

Lois
    $400 13
Johann Sebastian Bach

Lois
    $400 8
Jesse James

Lois
    $400 22
Jamestown

Bill
    $600 4
Earth & Mars

Lois
    $600 19
mulch

Bill
    $600 28
the Abbey

Triple Stumper
    $500 14
(Alex: The famous lullaby.)

(Johannes) Brahms

Lois
    $600 9
Commodore Perry

Bill
    $600 23
plastic (polyvinyl butyral)

Triple Stumper
    $800 5
Sister Carrie

Lois
    $800 20
nectar

Lois
    $800 29
(Lois: What is Northern Ireland?)
(Alex: More specific.)
(Lois: Uh...)
(Alex: The correct response is--and they are not synonymous, I understand--[*], is what we were going for.)

Ulster

Lois
Triple Stumper
    $800 15
Haydn

Susan
    $1,000 10
(Alex: Yes. The [*] decimal system.)

Dewey

Bill
    $800 24
(Alex: With a minute to go in the round.)

Venice

Bill
    $1000 6
Gore Vidal

Bill
    $1000 21
pectin

Bill
    $1000 30
Sinn Fein

Bill
    $1000 16
the gondoliers

Susan
    $1000 11
(George) Eastman

Bill
    $1000 25
(Lois: What is lye?)
(Susan: What is potash?)

lime

LoisSusan
Triple Stumper

Scores at the end of the Double Jeopardy! Round:

Lois Susan Bill
$4,500 $500 $11,100
(lock game)

[wagering suggestions for these scores]

Final Jeopardy! Round responses

THE POST OFFICE
(Alex: Two of the three are presidents.)
...
(Alex: [To Lois] Oh, thank you for being so honest, because this is one of those days when our hieroglyphics expert, me, cannot figure it out.)
SusanWho are Washington & Franklin?
$0
LoisWho are Washington & Alexander Hamilton?
$4,490
BillWho are Washington & Franklin?
$2,000
(2 of) George Washington, Benjamin Franklin & Thomas Jefferson

Final scores:

Lois Susan Bill
$10 $500 $13,100
3rd place 2nd place New champion: $13,100

Game dynamics:

Coryat scores:

Lois Susan Bill
$4,600 $1,300 $10,900
16 R
(including 1 DD),
3 W
12 R,
6 W
(including 1 DD)
26 R
(including 1 DD),
2 W

Combined Coryat: $16,800

[game clues] [game scores] [suggest correction]

Game tape date: 1990-10-10
The J! Archive is created by fans, for fans. Scraping, republication, monetization, and malicious use prohibited; this site may use cookies and collect identifying information. See terms. The Jeopardy! game show and all elements thereof, including but not limited to copyright and trademark thereto, are the property of Jeopardy Productions, Inc. and are protected under law. This website is not affiliated with, sponsored by, or operated by Jeopardy Productions, Inc. Join the discussion at JBoard.tv.